00590nam a22001817a 450000500170000001000640001702000260008103500170010703700180012408200110014210000200015324501070017325000060028026000260028627000470031230000240035970000250038320260504144335.0 aB-778332-337 BACEN26 a9780415791021c795.00 aB-778332-337 bHeritage pub. 23a880 aCarter, Ronald  aThe Routledge History of Literature in English: bBritain and Ireland/cRonald Carter [and] John Mcrae a3 bRoutledgec2025aOxon a2 Park Square, Milton Park, AbingdonbOxon axv, 605p.c23cm(pb) aMcrae, John eAuthor